Súčasný stav a perspektívy rozvoja Národohospodárskej fakulty EU v Bratislave
Štúdijné programy na Národohospodárskej fakulte EÚ v Bratislave. Pedagogická činnosť. Zabezpečenie kvality vzdelávacej činnosti. Najvýznamnejšie vedecké projekty riešené na NHF.
Gespeichert in:
| 1. Verfasser: | |
|---|---|
| Format: | Buchkapitel |
| Sprache: | Slowakisch |
| Schlagworte: | |
| Tags: |
Keine Tags, Fügen Sie das erste Tag hinzu!
|
MARC
| LEADER | 00000naa a2200000 4500 | ||
|---|---|---|---|
| 001 | 0141725 | ||
| 005 | 20240502072536.2 | ||
| 041 | 0 | |a slo | |
| 044 | |a SK | ||
| 245 | 1 | 0 | |a Súčasný stav a perspektívy rozvoja Národohospodárskej fakulty EU v Bratislave |c Ján Lisý |
| 520 | |a Štúdijné programy na Národohospodárskej fakulte EÚ v Bratislave. Pedagogická činnosť. Zabezpečenie kvality vzdelávacej činnosti. Najvýznamnejšie vedecké projekty riešené na NHF. | ||
| 610 | 2 | 0 | |a vzdelávanie vysokoškolské |
| 610 | 2 | 0 | |a výučba vedecká |
| 610 | 2 | 0 | |a školy vysoké |
| 610 | 2 | 0 | |a Národohospodárska fakulta Ekonomickej univerzity v Bratislave |
| 100 | 1 | |a Lisý, Ján | |